Business rates must be reformed (Record no. 71991)

MARC details
000 -LEADER
fixed length control field 01329cam a2200193 4500
001 - CONTROL NUMBER
control field WB3904-22
008 - FIXED-LENGTH DATA ELEMENTS--GENERAL INFORMATION
fixed length control field 030129n2003 000 0 eng u
035 ## - SYSTEM CONTROL NUMBER
System control number (Sirsi) u121159
245 ## - TITLE STATEMENT
Title Business rates must be reformed
260 ## - PUBLICATION, DISTRIBUTION, ETC.
Date of publication, distribution, etc. 2003
490 ## - SERIES STATEMENT
Series statement RICS Press Release
Volume/sequential designation (pr006) 27 January 2003
520 ## - SUMMARY, ETC.
Summary, etc. UK businesses are paying about £3.5bn too much in business rates over a five-year period is the verdict of property research body OPD's report commissioned by RICS, the Institute of Revenues Rating and Valuation (IRRV) and the Rating Surveyors Association (RSA). It is the first comprehensive analysis of the real impact of the business rates system on businesses and revenue. It offers alternatives to the government's proposals for transitional arrangements schemes about to be debated in connection with the Local Government Bill. It aims to rectify the unfair rates suffered by small business since the phasing-in of the new rates bills three years ago.Full report is available at http://www.rics.org/downloads/research_reports/TRR_full_report_final.pdf ;executive summary at http://www.rics.org/downloads/static/TRR_exec_summary_final.pdf
590 ## - LOCAL NOTE (RLIN)
Local note WB
650 ## - SUBJECT ADDED ENTRY--TOPICAL TERM
Topical term or geographic name entry element BUSINESS RATES
650 ## - SUBJECT ADDED ENTRY--TOPICAL TERM
Topical term or geographic name entry element REVALUATION
650 ## - SUBJECT ADDED ENTRY--TOPICAL TERM
Topical term or geographic name entry element UNIFORM BUSINESS RATE
690 ## - LOCAL SUBJECT ADDED ENTRY--TOPICAL TERM (OCLC, RLIN)
Topical term or geographic name as entry element RATING AND LOCAL TAXATION
942 ## - ADDED ENTRY ELEMENTS (KOHA)
Suppress in OPAC 0
Holdings
Withdrawn status Lost status Source of classification or shelving scheme Damaged status Not for loan Home library Current library Shelving location Date acquired Total Checkouts Full call number Barcode Date last seen Copy number Price effective from Koha item type
    Dewey Decimal Classification     London London News article 29/01/2003   WB3904-22 121159-1001 06/08/2019 1 06/08/2019 News article